Hardest How I Met Your Mother Quiz Stats

Quiz not verified by Sporcle

Also try: Criminal Activity
Challenge
Share
Tweet
Embed
Score 0/21 Timer 07:00
0 Plays Today
Question Answer % Correct
When asked about what he does for a living, what is always Barney's response? A. Nothing, he just laughs B. 'Not important' C. 'Eh' D. 'Please'???
85.3%
According to Marshall's dad, what fruit is a 'baby girl fertilizer'? A. Lemons B. Oranges C. Grapefruit D. Pears???
79.4%
When Barney tries to pick up a girl while pretending to be an old man, how old does he say he is? A. 63 B. 73 C. 83 D. 93???
77.3%
What is Lily and Marshall's daughter's name? A. Rose B. Daisy C. Laurel D. Violet???
76.2%
In the episode 'Tick Tick Tick' in which Ted, Marshall, and Lily attend a concert, what food do Ted and Marshall try to find? A. Pizza B. Popcorn C. Nachos D. Beef Jerky???
76.1%
What is the slutty pumpkin's real name? A. Kathryn B. Jane C. Megan D. Naomi???
67.8%
Alyson Hannigan (Lily)'s real-life husband guest starred as what role? A. Sandy Rivers B. Arthur Hobbs C. The Captain D. Scooter???
66.9%
Which of these actresses did NOT guest star on the show? A. Carrie Underwood B. Lucy Hale C. Jennifer Morrison D. Kate Hudson???
66.7%
Which band sings the show's opening credit song? A. The Solids B. The Rembrandts C. The Who D. The Barenaked Ladies???
65.4%
What was the name of Marshall's pet iguana? A. Jerome B. Jebidiah C. Jonah D. Jakey???
65.4%
Chronologically, who meets the mother first? A. Lily B. Robin C. Marshall D. Barney???
57.6%
Question Answer % Correct
Which of these characters does NOT have a sister? A. Ted B. Barney C. Robin D. Lily???
57.1%
Which character nearly kissed herself? A. Stella B. Lily C. Victoria D. Robin???
56.4%
In the episode 'Say Cheese' in the 'Name that B***h' game, what does Ted think Leilani's name is? A. Amanda B. Sarah C. Brittany D. Emily???
54.7%
Which of these things does Ranjit NOT have? A. Wife B. Driver's License C. Green Card D. Liver???
54.1%
How many weeks into dating the mother was Ted's official last cigarette ever? A. One B. Two C. Three D. Four???
48.8%
What is the name of Wendy (the waitress)'s husband? A. Jenkins B. Meeker C. Carter D. Thomas???
47%
Which of these languages can Ted NOT speak, but is just fine in the others? A. Spanish B. Italian C. American Sign Language D. French???
45.5%
How many children does Wendy the waitress end up having? A. 1 B. 2 C. 3 D. none???
41.8%
What is Lily's birthday? A. February 1 B. March 22 C. August 14 D. October 30???
39.8%
The episode titled 'Jenkins' (S5E13) was directed by which main cast member? A. Alyson Hannigan B. Josh Radnor C. Neil Patrick Harris D. Jason Segel???
36.3%

You're not logged in!

Compare scores with friends on all Sporcle quizzes.
Sign Up with Email
OR
Log In

You Might Also Like...

Show Comments

Extras

Top Quizzes Today


Score Distribution

Your Account Isn't Verified!

In order to create a playlist on Sporcle, you need to verify the email address you used during registration. Go to your Sporcle Settings to finish the process.